| 000 | 00967nam a2200289 a 4500 | ||
|---|---|---|---|
| 001 | 62494 | ||
| 003 | BD-RjUL | ||
| 005 | 20211209081107.0 | ||
| 008 | 720125s1967 nyua b 000 0 eng | ||
| 035 | _a(BD-RjUL)62620 | ||
| 035 | _a(OCoLC)227985 | ||
| 040 |
_aDLC _cODaWU _dOCoLC _dNIIC _dUk _dDLC _dBD-RjUL _beng |
||
| 041 | _aeng | ||
| 082 |
_a658.15 _bSEF 1967 |
||
| 100 | 1 |
_aSeidler, Lee J. _947167 |
|
| 245 | 1 | 4 |
_aThe function of accounting in economic development : _bTurkey as a case study / _c[by] Lee J. Seidler. |
| 260 |
_aNew York : _bPraeger, _c1967. |
||
| 300 |
_axx, 346 p.: _bill.; _c24 cm. |
||
| 504 | _aBibliography: p. 335-346. | ||
| 650 | 0 |
_aFiscal policy _zTurkey. _9229414 |
|
| 650 | 0 |
_aFinance, Public _zTurkey _xAccounting. _9229415 |
|
| 651 | 0 |
_aTurkey _xEconomic policy. _9229416 |
|
| 942 |
_2ddc _cBK |
||
| 999 |
_c62494 _d62494 |
||